Normal view
MARC view
- Uhud- Battle of- 625
Entry Topical Term
001 - CONTROL NUMBER
- control field: 37490
003 - CONTROL NUMBER IDENTIFIER
- control field: NUST
005 - DATE AND TIME OF LATEST TRANSACTION
- control field: 20210314130308.0
008 - FIXED-LENGTH DATA ELEMENTS
- fixed length control field: 210314|| aca||aabn | a|a d
040 ## - CATALOGING SOURCE
- Original cataloging agency: NUST
- Transcribing agency: NUST
150 ## - HEADING--TOPICAL TERM
- Topical term or geographic name entry element: Uhud- Battle of- 625
670 ## - SOURCE DATA FOUND
- Source citation: Work cat.: (NUST): Muhammad Hamidullah 9461, The Battlefields of the Prophet of Allah (S.A.W.)
